Inderbir Singh's Textbook of Anatomy (Record no. 1713)
[ view plain ]
| 000 -LEADER | |
|---|---|
| Fixed length control field | 00832nam a2200229Ia 4500 |
| 003 - CONTROL NUMBER IDENTIFIER | |
| Control field | IIN |
| 005 - DATE AND TIME OF LATEST TRANSACTION | |
| Control field | 20250328121755.0 |
| 008 - FIXED-LENGTH DATA ELEMENTS--GENERAL INFORMATION | |
| Fixed length control field | 250328s9999 xx adf 001 0 eng d |
| 020 ## - INTERNATIONAL STANDARD BOOK NUMBER / ISBN | |
| Price | Rs.3695.00 |
| International Standard Book Number | 9789389129007 |
| 040 ## - CATALOGING SOURCE | |
| Original cataloging agency | IIN |
| Language of cataloging | Eng |
| 082 ## - DEWEY DECIMAL CLASSIFICATION NUMBER | |
| Classification number | 611 |
| Book Number | DEV |
| 245 1# - TITLE STATEMENT | |
| Title | Inderbir Singh's Textbook of Anatomy |
| Sub title | with Surface Anatomy, Dissection, Radiology Anatomy, Clinical Anatomy and Case Scenarios |
| Statement of responsibility | edited by V. Subhadra Devi |
| 250 ## - EDITION STATEMENT | |
| Edition statement | 7th ed |
| 260 ## - IMPRINT | |
| Name of publisher | Jaypee |
| Place of publication | New Delhi |
| Date of publication | 2022 |
| 300 ## - PHYSICAL DESCRIPTION | |
| Page / Vol. No | 564p. / V.2 |
| Other physical details | col. ill. |
| 500 ## - GENERAL NOTE | |
| General note | Includes Index |
| 505 ## - CONTENTS NOTE | |
| Contents note | Volume 2. -<br/> Contains Two Section: <br/> (Section 1) : Lower Limb<br/> (Section 2) : Abdomen and Pelvis |
| 650 1# - SUBJECT ADDED ENTRY--TOPICAL TERM | |
| Topical term | Anatomy |
| 650 1# - SUBJECT ADDED ENTRY--TOPICAL TERM | |
| Topical term | Human Anatomy |
| 700 ## - ADDED ENTRY--PERSONAL NAME | |
| Personal name | Devi, V. Subhadra (ed.) |
| 942 ## - ADDED ENTRY ELEMENTS (KOHA) | |
| Koha item type | Books |
| Withdrawn status | Lost status | Source of classification | Damaged status | Not for loan | Collection code | Home library | Current library | Shelving location | Date acquired | Total Checkouts | Call number | Accession number | Date last seen | Price effective from | Koha item type |
|---|---|---|---|---|---|---|---|---|---|---|---|---|---|---|---|
| Dewey Decimal Classification | Purches Book(set price) | IDEAL INSTITUTE OF NURSING | IDEAL INSTITUTE OF NURSING | General Stacks | 11/03/2025 | 611 DEV | 1828 | 28/03/2025 | 28/03/2025 | Books |
